<?xml version="1.0" encoding="UTF-8"?><?xml-stylesheet type="text/xsl" href="static/style.xsl"?><OAI-PMH xmlns="http://www.openarchives.org/OAI/2.0/" xmlns:xsi="http://www.w3.org/2001/XMLSchema-instance" xsi:schemaLocation="http://www.openarchives.org/OAI/2.0/ http://www.openarchives.org/OAI/2.0/OAI-PMH.xsd"><responseDate>2026-04-17T05:25:18Z</responseDate><request verb="GetRecord" identifier="oai:www.recercat.cat:10256/1251" metadataPrefix="marc">https://recercat.cat/oai/request</request><GetRecord><record><header><identifier>oai:recercat.cat:10256/1251</identifier><datestamp>2024-05-22T11:45:12Z</datestamp><setSpec>com_2072_452966</setSpec><setSpec>com_2072_2054</setSpec><setSpec>col_2072_452969</setSpec></header><metadata><record xmlns="http://www.loc.gov/MARC21/slim" xmlns:dcterms="http://purl.org/dc/terms/" xmlns:xsi="http://www.w3.org/2001/XMLSchema-instance" xmlns:doc="http://www.lyncode.com/xoai" xsi:schemaLocation="http://www.loc.gov/MARC21/slim http://www.loc.gov/standards/marcxml/schema/MARC21slim.xsd">
   <leader>00925njm 22002777a 4500</leader>
   <datafield ind2=" " ind1=" " tag="042">
      <subfield code="a">dc</subfield>
   </datafield>
   <datafield ind2=" " ind1=" " tag="720">
      <subfield code="a">Granel i Marin, Sònia</subfield>
      <subfield code="e">author</subfield>
   </datafield>
   <datafield ind2=" " ind1=" " tag="260">
      <subfield code="c">2006</subfield>
   </datafield>
   <datafield ind2=" " ind1=" " tag="520">
      <subfield code="a">Planteja un projecte extens,&#xd;
innovador i creatiu, que a part d’un anàlisi de l’estat de la qüestió del patrimoni a Berga i el seu ús&#xd;
proposa noves rutes i noves propostes per conèixer la història de la ciutat de forma més global i&#xd;
amena, activar, donar valor i proposar restauracions d’urgència a elements poc valorats i poc&#xd;
difosos. Fer que la cultura de Berga sigui molt més que la Patum, un patrimoni sostenible durant&#xd;
tot l’any, proper a tota classe de persones, famílies, col·lectius....&#xd;
S'ha volgut crear una visió global de la cultura Berguedana, una ruta que indagui des dels orígens&#xd;
fins l’actualitat de la capital de comarca, ja que les propostes actuals que s’ofereixen des de&#xd;
l’Oficina de turisme de la ciutat, segmenten la història en parts i per tant els donen més valor, en&#xd;
detriment d’altres que al meu parer també són cabdals en la formació de l’actual Berga</subfield>
   </datafield>
   <datafield ind1="8" ind2=" " tag="024">
      <subfield code="a">http://hdl.handle.net/10256/1251</subfield>
   </datafield>
   <datafield tag="653" ind2=" " ind1=" ">
      <subfield code="a">Berga (Catalunya) -- Vida social i costums</subfield>
   </datafield>
   <datafield tag="653" ind2=" " ind1=" ">
      <subfield code="a">Turisme cultural -- Catalunya -- Berga</subfield>
   </datafield>
   <datafield tag="653" ind2=" " ind1=" ">
      <subfield code="a">Berga (Catalonia) -- Social life and customs</subfield>
   </datafield>
   <datafield tag="653" ind2=" " ind1=" ">
      <subfield code="a">Heritage tourism -- Catalonia -- Berga</subfield>
   </datafield>
   <datafield ind2="0" ind1="0" tag="245">
      <subfield code="a">Berga, molt més que patrimoni immaterial</subfield>
   </datafield>
</record></metadata></record></GetRecord></OAI-PMH>